[Event "Sharjah Rapid"]
[Site "Sharjah"]
[Date "2023.03.26"]
[Round "1"]
[White "Rohit, SI."]
[Black "Iordachescu, Viorel"]
[Result "0-1"]
[WhiteElo "1034"]
[BlackElo "2584"]
[PlyCount "38"]
[EventDate "2023.03.26"]
[EventType "swiss (rapid)"]
[EventRounds "9"]
[EventCountry "UAE"]
[SourceTitle "CBM 213 Extra"]
[Source "ChessBase"]
[SourceDate "2023.05.31"]
[SourceVersion "1"]
[SourceVersionDate "2023.05.31"]
[SourceQuality "1"]

1. e4 g6 2. Nc3 Bg7 3. Nf3 d6 4. h3 c5 5. b3 Nc6 6. Bb2 Nf6 7. Bd3 0-0 8. 0-0 e5 9. Nd5 Nxd5 10. exd5 Ne7 11. c4 h6 12. Nh2 f5 13. f3 g5 14. Re1 Ng6 15. Bc2 h5 16. g4 Nf4 17. gxh5 Qe8 18. Re3 Qxh5 19. Qf1 Rf6 0-1